LIBRARY & INFORMATION CENTRE, KCAET, TAVANUR

ONLINE PUBLIC ACCESS CATALOGUE (OPAC)

Structural Bioinformatics (Record no. 13876)

MARC details
000 -LEADER
fixed length control field 00328nam a22001457a 4500
020 ## - INTERNATIONAL STANDARD BOOK NUMBER
ISBN 9780470181058
082 ## - DEWEY DECIMAL CLASSIFICATION NUMBER
Classification number 574.0285 GUJ/ST
100 ## - MAIN ENTRY--AUTHOR NAME
Personal name GU,Jenny
100 ## - MAIN ENTRY--AUTHOR NAME
Personal name Bourne, Philip E
245 ## - TITLE STATEMENT
Title Structural Bioinformatics
250 ## - EDITION STATEMENT
Edition statement Ed 2
260 ## - PUBLICATION, DISTRIBUTION, ETC. (IMPRINT)
Place of publication New Jersey
Name of publisher Wiley-Blackwell
Year of publication 2009
300 ## - PHYSICAL DESCRIPTION
Number of Pages 1035
942 ## - ADDED ENTRY ELEMENTS (KOHA)
Koha item type Books
Holdings
Withdrawn status Lost status Damaged status Collection code Home library Current library Shelving location Date acquired Source of acquisition Cost, normal purchase price Full call number Accession Number Koha item type
      Reference KAUAET KAUAET Reference 31/03/2012 Universal Research Books, Thrissur 5706.40 574.0285 GUJ/ST 23363 Books
free website counter